| 000 | 00496nam a2200181Ia 4500 | ||
|---|---|---|---|
| 005 | 20250326143135.0 | ||
| 008 | 250326s9999 xx 000 0 und d | ||
| 037 | _aTextbook | ||
| 040 |
_aFMSL _beng _cFMSL |
||
| 041 |
_aeng _2eng |
||
| 084 |
_aY48 P3 _qFMSL |
||
| 100 |
_aKouzes J M _9742350 |
||
| 245 | 0 |
_aCredibility _cKouzes J M; Posner B Z |
|
| 260 |
_aSan Francisco _bSan Francisco, Jossey -Bass _c1991 |
||
| 300 | _a342p | ||
| 942 |
_cTB _hY48 P3 |
||
| 999 |
_c1298284 _d1298284 |
||